书目信息 |
| 题名: |
PY型预钻式旁压试验规程 JGJ 69-90
|
|
| 作者: | 常州市建筑设计院 主编 | |
| 分册: | ||
| 出版信息: | 北京 中国计划出版社 1991.02 |
|
| 页数: | 24页 | |
| 开本: | 32开 | |
| 丛书名: | ||
| 单 册: | ||
| 中图分类: | P634-65 | |
| 科图分类: | ||
| 主题词: | 天文学 , 地球科学 | |
| 电子资源: | ||
| ISBN: | ||
| 000 | 00650nam0 2200205 45 | |
| 001 | 0009251166 | |
| 005 | 20000925112030.9 | |
| 010 | @d0.75元 | |
| 100 | @a20000925d1991 km y0chiy0120 ea | |
| 101 | 0 | @achi |
| 105 | @a z 000yy | |
| 200 | 1 | @aPY型预钻式旁压试验规程 JGJ 69-90@APY Xing Yu Zuan Shi Pang Ya Shi Yan Gui Cheng JGJ 69-90@f常州市建筑设计院主编@FChang Zhou Shi Jian Zhu She Ji Yuan Zhu Bian |
| 210 | @a北京@c中国计划出版社@d1991.02 | |
| 215 | @a24页@d32开 | |
| 606 | 0 | @a天文学 |
| 606 | 0 | @a地球科学 |
| 690 | @aP634-65@v3 | |
| 701 | 0 | @a常州市建筑设计院@4主编 |
| 801 | @aCN@bPftUser@c20000925 | |
| 905 | @b153159-163@dP634-65@eCH:801@f5 | |
| PY型预钻式旁压试验规程 JGJ 69-90/常州市建筑设计院主编.-北京:中国计划出版社,1991.02 |
| 24页;32开 |
| ISBN :0.75元 |
| ● |
| 相关链接 |
|
|
|
正题名:PY型预钻式旁压试验规程JGJ 69-90
索取号:P634-65/CH:801
 
预约/预借
| 序号 | 登录号 | 条形码 | 馆藏地/架位号 | 状态 | 备注 |
| 1 | 153159 | 201531592 | 期刊室512/401自科库 127排2列6层/ [索取号:P634-65/CH:801] | 在馆 | |
| 2 | 153160 | 201531609 | 自科库401/401自科库 132排2列4层/ [索取号:P634-65/CH:801] | 在馆 | |
| 3 | 153161 | 201531618 | 自科库401/401自科库 127排2列6层/ [索取号:P634-65/CH:801] | 在馆 | |
| 4 | 153162 | 201531627 | 测绘与城市空间信息学院资料室/ [索取号:P634-65/CH:801] | 在馆 | |
| 5 | 153163 | 201531636 | 期刊室512/401自科库 127排2列6层/ [索取号:P634-65/CH:801] | 在馆 |